Statistics for Caribbean Islands and Countries

Click here to take the quiz!

General Stats

  • This quiz has been taken 388 times
  • The average score is 30 of 68

Answer Stats

AnswerType% Correct
DominicaCountry / Island (#16)
92%
Saint KittsIsland (#41)
92%
Saint Kitts and NevisCountry
92%
CubaCountry / Island (#1)
90%
HaitiCountry
89%
JamaicaCountry / Island (#3)
89%
Saint VincentIsland (#29)
89%
Saint Vincent and the GrenadinesCountry
89%
Saint LuciaCountry / Island (#19)
88%
TrinidadIsland (#5)
88%
Trinidad and TobagoCountry
88%
AntiguaIsland (#35)
87%
Antigua and BarbudaCountry
87%
BahamasCountry
87%
Dominican RepublicCountry
87%
BarbadosCountry / Island (#26)
86%
ArubaTerritory / Island (#39)
85%
GrenadaCountry / Island (#31)
83%
Puerto RicoTerritory / Island (#4)
76%
CuraçaoTerritory / Island (#25)
72%
British Virgin IslandsTerritory
71%
MartiniqueTerritory / Island (#12)
71%
Saint MartinTerritory (/ Island #61)
69%
BarbudaIsland (#43)
67%
TobagoIsland (#32)
67%
United States Virgin IslandsTerritory
64%
GuadeloupeTerritory / Island (#14)
61%
BonaireTerritory / Island (#33)
58%
AnguillaTerritory (/ Island #59)
56%
Cayman IslandsTerritory
53%
MontserratTerritory (/ Island #56)
51%
Saint BarthélemyTerritory (/ Island #94)
49%
HispaniolaIsland (#2)
46%
Sint MaartenTerritory
43%
SabaTerritory (/ Island #107)
36%
Grand Bahama IslandIsland (#10)
29%
Grand CaymanIsland (#38)
29%
Isla MargaritaIsland (#13)
28%
Sint EustatiusTerritory (/ Island #95)
27%
CozumelIsland (#18)
25%
Saint CroixIsland (#36)
24%
Turks and Caicos IslandsTerritory
21%
Cat IslandIsland (#27)
15%
New ProvidenceIsland (#37)
15%
Isla de la JuventudIsland (#7)
14%
North Andros IslandIsland (#6)
13%
South Andros IslandIsland (#9)
13%
TortugaIsland (#40)
12%
EleutheraIsland (#22)
10%
Great Abaco IslandIsland (#11)
10%
Grande-TerreIsland (#20)
9%
Long IslandIsland (#24)
8%
ViequesIsland (#49)
8%
Great Inagua IslandIsland (#8)
7%
Crooked IslandIsland (#47)
6%
Marie GalanteIsland (#44)
6%
San Salvador IslandIsland (#42)
6%
GonâveIsland (#17)
5%
Acklins IslandIsland (#23)
4%
Cayo CocoIsland (#28)
4%
MayaguanaIsland (#34)
4%
Middle CaicosIsland (#48)
4%
Cayo RomanoIsland (#15)
3%
Great ExumaIsland (#45)
3%
La Tortuga IslandIsland (#46)
2%
Little Abaco IslandIsland (#21)
2%
Little InaguaIsland (#50)
2%
Cayo SabinalIsland (#30)
1%

Score Distribution

Percentile by Number Answered

Percent of People with Each Score

Your Score History

You have not taken this quiz